USA 40K Cities on a Map: New Mexico - Statistics

General Stats
  • This quiz has been taken 13 times
  • The average score is 6 of 7
Answers on the Map
Answers color-coded by a green-red scale on the quiz's map according to % correct below.
 
Answer Stats
Answer % Correct
Albuquerque
100%
Las Cruces
100%
Roswell
100%
Santa Fe
100%
Farmington
73%
Rio Rancho
64%
Hobbs
36%
No matching quizzes found
Score Distribution
Percent of People with Each Score
Percentile by Number Answered
Your Score History
You have not taken this quiz